header

Handbook of epilepsy treatment (Record no. 82545)

MARC details
000 -LEADER
fixed length control field 01201nam a2200313Ia 4500
082 04 - DEWEY DECIMAL CLASSIFICATION NUMBER
Classification number 616.8/5306
100 1# - MAIN ENTRY--AUTHOR NAME
Personal name Shorvon, S. D.
245 10 - TITLE STATEMENT
Title Handbook of epilepsy treatment
250 ## - EDITION STATEMENT
Edition statement 3rd ed.
260 ## - PUBLICATION, DISTRIBUTION, ETC. (IMPRINT)
Place of publication Chichester, West Sussex, UK :
Name of publisher Wiley-Blackwell,
Year of publication c2010.
300 ## - PHYSICAL DESCRIPTION
Number of Pages xvi, 417 p.
650 #0 - SUBJECT ADDED ENTRY--TOPICAL TERM
Topical Term Epilepsy
Topical Term Anticonvulsants
856 40 - ELECTRONIC LOCATION AND ACCESS
Uniform Resource Identifier http://site.ebrary.com/lib/rucke/Doc?id=10419011

No items available.

© 2026 Rongo University
Contact us: librarian | system librarian | Rongo university